La Fada Ginesta i la pedra de la lluna /
ISBN:
9788409254521
Descripción Física:
74 pàgines : il·lustracions en color ; 22 cm
Otros Autores:
Martínez, Christian, (Martínez-Ramos)
Idioma:
Catalán
MARC
| LEADER | 00000nam a2200000 i 4500 | ||
|---|---|---|---|
| 001 | 25191 | ||
| 003 | Arxiu | ||
| 005 | 20260324180727.0 | ||
| 008 | 210907e202012 spc||||b |||| 0|0 f cat| | ||
| 015 | |a LL2021 |2 bnc | ||
| 017 | |a DL B 21768-2020 |b Biblioteca de Catalunya | ||
| 020 | |a 9788409254521 | ||
| 040 | |a ES-BaBC |b cat |e rda |c ES-BaBC | ||
| 080 | |a 821.134.1-31 |x ”20” |x (02.053.2) |2 2004 | ||
| 100 | 1 | |a Muro Rodríguez, Anna, |e autor | |
| 245 | 1 | 3 | |a La Fada Ginesta i la pedra de la lluna / |c text: Anna Muro ; il·lustracions: Christian Martínez |
| 250 | |a 1ª edició | ||
| 264 | 1 | |a [s.l.] : |b [s.n] , |c desembre 2020 | |
| 264 | 3 | |a Sabadell : |b Artgraf Sabadell SL | |
| 300 | |a 74 pàgines : |b il·lustracions en color ; |c 22 cm | ||
| 336 | |a text |b txt |2 rdacontent | ||
| 337 | |a sense mediació |b n |2 rdamedia | ||
| 338 | |a volum |b nc |2 rdacarrier | ||
| 500 | |a A la coberta: "Descobreix les aventures de la fada que agafa un virus humà" | ||
| 700 | 1 | |a Martínez, Christian, |q (Martínez-Ramos), |e il·lustrador | |
| 908 | |a BC | ||
| 940 | |a BC | ||
| 942 | |2 udc |c ARXIU |n 1 | ||
| 952 | |0 0 |1 0 |4 0 |6 BIB462 |7 1 |9 61066 |a Arxiu |b Arxiu |d 2022-03-08 |l 0 |o Bib-462 |p 25191 |r 2022-03-08 00:00:00 |w 2022-03-08 |y ARXIU | ||
| 999 | |c 81190 |d 81190 | ||